5HLuxD.jpg

KING HENRY VIII SENIOR AND PRIMARY SCHOOL LIBRARY OPAC

The baby-sitters club : (Record no. 5248)

000 -LEADER
fixed length control field 01508nam a2200373 i 4500
001 - CONTROL NUMBER
control field ocn893896386
003 - CONTROL NUMBER IDENTIFIER
control field OCoLC
005 - DATE AND TIME OF LATEST TRANSACTION
control field 20250828135549.0
008 - FIXED-LENGTH DATA ELEMENTS--GENERAL INFORMATION
fixed length control field 150729s2015 nyua j 6 000 1 eng d
020 ## - INTERNATIONAL STANDARD BOOK NUMBER
International Standard Book Number 9781338888232
040 ## - CATALOGING SOURCE
Original cataloging agency NjBwBT
Language of cataloging eng
Transcribing agency NjBwBT
Description conventions rda
Modifying agency NjBwBT
-- CaOL
-- KH8
082 ## - DEWEY DECIMAL CLASSIFICATION NUMBER
Classification number FIC TEL
100 1# - MAIN ENTRY--PERSONAL NAME
Personal name Telgemeier, Raina,
Relator term author.
245 10 - TITLE STATEMENT
Title The baby-sitters club :
Remainder of title Kristy's great idea /
Statement of responsibility, etc. a graphic novel by Raina Telgemeier ; with color by Braden Lamb.
246 33 - VARYING FORM OF TITLE
Title proper/short title Baby-sitters Club.
Name of part/section of a work Kristy's great idea.
250 ## - EDITION STATEMENT
Edition statement [Colour edition]
264 #1 - PRODUCTION, PUBLICATION, DISTRIBUTION, MANUFACTURE, AND COPYRIGHT NOTICE
Place of production, publication, distribution, manufacture New York :
Name of producer, publisher, distributor, manufacturer Graphix, an imprint of Scholastic,
Date of production, publication, distribution, manufacture, or copyright notice [2023]
300 ## - PHYSICAL DESCRIPTION
Extent 180 pages :
Other physical details chiefly colour illustrations ;
Dimensions 21 cm.
336 ## - CONTENT TYPE
Content type term text
Content type code txt
Source rdacontent.
336 ## - CONTENT TYPE
Content type term still image
Content type code sti
Source rdacontent.
337 ## - MEDIA TYPE
Media type term unmediated
Media type code n
Source rdamedia.
338 ## - CARRIER TYPE
Carrier type term volume
Carrier type code nc
Source rdacarrier.
490 1# - SERIES STATEMENT
Series statement Baby-sitters Club (Graphix (Firm)) ;
Volume/sequential designation 1.
520 ## - SUMMARY, ETC.
Summary, etc. Follows the adventures of Kristy and the other members of the Baby-sitters Club as they deal with crank calls, uncontrollable two-year-olds, wild pets, and parents who do not always tell the truth.
650 #0 - SUBJECT ADDED ENTRY--TOPICAL TERM
Topical term or geographic name entry element Babysitters
Form subdivision Juvenile fiction.
650 #0 - SUBJECT ADDED ENTRY--TOPICAL TERM
Topical term or geographic name entry element Girls
Form subdivision Juvenile fiction.
650 #0 - SUBJECT ADDED ENTRY--TOPICAL TERM
Topical term or geographic name entry element Clubs
Form subdivision Juvenile fiction.
650 #0 - SUBJECT ADDED ENTRY--TOPICAL TERM
Topical term or geographic name entry element Friendship
Form subdivision Fiction.
650 #7 - SUBJECT ADDED ENTRY--TOPICAL TERM
Topical term or geographic name entry element Graphic novels.
Source of heading or term genre.
700 1# - ADDED ENTRY--PERSONAL NAME
Personal name Martin, Ann M.,
Dates associated with a name 1955-
Relator term author.
700 1# - ADDED ENTRY--PERSONAL NAME
Personal name Lamb, Braden,
Relator term colourist.
830 #0 - SERIES ADDED ENTRY--UNIFORM TITLE
Uniform title Baby-sitters Club (Graphix (Firm)) ;
Volume/sequential designation 1.
942 ## - ADDED ENTRY ELEMENTS (KOHA)
Source of classification or shelving scheme
Koha item type Graphic Novel
Holdings
Withdrawn status Lost status Source of classification or shelving scheme Damaged status Not for loan Collection code Permanent Location Current Location Shelving location Date acquired Total Checkouts Full call number Barcode Date last seen Date last checked out Price effective from Koha item type
          Fiction KH8 Senior School Library KH8 Senior School Library Graphic Novel 2025-08-28 3 FIC TEL 3KHSL000102335 2025-11-26 2025-11-18 2025-08-28 Graphic Novel

Powered By KH8 IT Dept